Państw nieuznawane na arenie międzynarodowej - Statystyki

Ogólne statystyki
  • Ten quiz został rozwiązany 44 razy
    37 od ostatniego zresetowania
  • Średni wynik to 7 z 12
Statystyki odpowiedzi
Obrazkowy Odpowiedź % Poprawnych
Kosowo
100%
Palestyna
93%
Tajwan
85%
Naddniestrze
67%
Cypr Północny
59%
Abchazja
56%
Górski Karabach
52%
Somaliland
48%
Osetia Północna
44%
Sahara Zachodnia
41%
Niue
26%
Bouganville
0%
Nie znaleziono quizów pasujących do podanych kryteriów
Rozkład punktacji
Procent ludzi z każdym wynikiem
Percentyl według liczby udzielonych odpowiedzi
Twoja historia wyników
Nie rozwiązałeś tego quizu od ostatniego zresetowania